000 00252nam a2200097Ia 4500
001 1160207
005 20250827011603.0
008 250824s9999 xx 000 0 und d
245 0 _aHER ŞEY VAKTİNİ BEKLER
_cHAKAN MENGÜÇ
260 _bDESTEK YAYINLARI
999 _c1160207
_d1160207